| 000 | 01046nas a2200349 4500 | ||
|---|---|---|---|
| 001 | BR2012005559 | ||
| 003 | BR-BrBNA | ||
| 005 | 20231205120915.0 | ||
| 007 | ta | ||
| 008 | 230509b bl.|||p| |||| 00| 00por d | ||
| 040 |
_aBR-BrBNA _bpor _cBiblioteca Nacional de Agricultura |
||
| 041 | _a(Pt) | ||
| 072 | _aL72 | ||
| 100 | 1 | _aCosta, J.R.V. da | |
| 100 | 1 | _aRossi, J.R. | |
| 100 | 1 | _aMarucci, S.C. | |
| 100 | 1 | _aAlves, E.C. da | |
| 100 | 1 | _aVolpe, H.X.L. | |
| 100 | 1 | _aFerraudo, A.S. | |
| 100 | 1 | _aLemos, M.V.F. | |
| 100 | 1 | _aDesidério, J.A. | |
| 245 | 1 | _aAtividade tóxica de isolados de Bacillus thuringiensis a larvas de Aedes aegypti (L.)(Diptera: Culicidae) | |
| 650 | _aPRAGA DE ANIMAL | ||
| 650 | _aDIPTERA | ||
| 650 | _aMOSQUITO | ||
| 650 | _aCONTROLE BIOLÓGICO | ||
| 650 | _aBACILLUS THURINGIENSIS | ||
| 650 | _aBACTÉRIA | ||
| 773 | 0 |
_tNeotropical Entomology (Brazil) _xISSN 1519-566X _g(Sep-Oct 2010), v. 39(5) p. 757-766 _wBR2012005559 |
|
| 909 |
_a202311 _bLúcia _c55 _dLúcia Elande |
||
| 942 |
_2AGRIS _n0 _cANA |
||
| 999 |
_c220921 _d220921 |
||